000 00284nam a22001337a 4500
008 180216b xxu||||| |||| 00| 0 eng d
020 _a9780205270071
041 _aeng
080 _a572
100 _a24
101 _aANT
245 _aThe scalpel's edge
_cKatz,P
942 _2udc
_cBK
999 _c42823
_d42823